[Event "Xtracon Chess Open 2017"]
[Site "Helsingor DEN"]
[Date "2017.07.23"]
[Round "3.12"]
[White "Andersen, Mads"]
[Black "Taylor, Adam C"]
[Result "1-0"]
[WhiteTitle "GM"]
[BlackTitle "FM"]
[WhiteElo "2586"]
[BlackElo "2265"]
[WhiteFideId "1413864"]
[BlackFideId "424668"]
[EventDate "2017.07.22"]

1. Nf3 Nf6 2. g3 d5 3. Bg2 e6 4. O-O Be7 5. c4 O-O 6. d4 dxc4 7. Ne5 Nc6 8. Nxc6
bxc6 9. Na3 Bxa3 10. bxa3 Nd5 11. Qa4 Nb6 12. Qa5 Bb7 13. Rd1 Qd7 14. a4 Rfb8
15. Bf4 Nd5 16. Bd2 Qc8 17. e4 Nb6 18. Bf4 h6 19. h4 Qd7 20. Rab1 Qe7 21. Rdc1
Qd7 22. Qe5 Ba6 23. Qxc7 Qxc7 24. Bxc7 Rb7 25. Bd6 Rd8 26. e5 Nxa4 27. Rxb7 Bxb7
28. Rxc4 Nb6 29. Rb4 Rd7 30. Rb3 Nd5 31. h5 f5 32. Bf1 Kf7 33. Bc5 a6 34. Be2
Ke8 35. g4 f4 36. Bd6 Kd8 37. Bd3 Ne7 38. Ra3 Kc8 39. Bxa6 Bxa6 40. Rxa6 Kb7 41.
Ra3 g6 42. Rb3+ Ka6 43. Bxe7 Rxe7 44. hxg6 Rg7 45. Kg2 1-0

[Event "Xtracon Chess Open 2017"]
[Site "Helsingor DEN"]
[Date "2017.07.23"]
[Round "3.14"]
[White "Martinovic, Sasa"]
[Black "Roe, Simon J"]
[Result "1-0"]
[WhiteTitle "GM"]
[WhiteElo "2570"]
[BlackElo "2253"]
[WhiteFideId "14509792"]
[BlackFideId "401471"]
[EventDate "2017.07.22"]

1. d4 d5 2. c4 e6 3. Nf3 c5 4. cxd5 exd5 5. g3 Nc6 6. Bg2 Nf6 7. O-O Be7 8. dxc5
Bxc5 9. a3 Ne4 10. Nfd2 Nxd2 11. Qxd2 Be6 12. b4 Bd4 13. Nc3 Bf6 14. Bb2 O-O 15.
Nxd5 Bxd5 16. Bxf6 Qxf6 17. Qxd5 Rad8 18. Qa2 Rd7 19. Rfd1 Rfd8 20. Rxd7 Rxd7
21. Rc1 g6 22. Bxc6 bxc6 23. Qc2 Rd6 24. Kg2 Qd8 25. Qc5 Qd7 26. Rc3 h5 27. h3
Kh7 28. a4 Kg8 29. a5 Re6 30. Rd3 Qc7 31. e3 Kg7 32. Qd4+ Qe5 33. Qxe5+ Rxe5 34.
Rd6 c5 35. bxc5 Rxc5 36. Ra6 Rc7 37. Kf3 Re7 38. e4 Kf8 39. Kf4 Kg7 40. e5 Kg8
41. Ke4 Kh7 42. f4 Kg7 43. g4 h4 44. f5 gxf5+ 45. gxf5 Rb7 46. Kf4 Kh7 47. Kg5 1-0

[Event "Xtracon Chess Open 2017"]
[Site "Helsingor DEN"]
[Date "2017.07.23"]
[Round "3.15"]
[White "Sunilduth Lyna, Narayanan"]
[Black "Solberg, Joachim"]
[Result "1-0"]
[WhiteTitle "GM"]
[BlackTitle "CM"]
[WhiteElo "2564"]
[BlackElo "2237"]
[WhiteFideId "5058422"]
[BlackFideId "1502930"]
[EventDate "2017.07.22"]

1. d4 d5 2. c4 c6 3. Nc3 e5 4. dxe5 d4 5. Ne4 Qa5+ 6. Bd2 Qxe5 7. Ng3 c5 8. Nf3
Qc7 9. e3 dxe3 10. Bxe3 Nf6 11. Bd3 Nc6 12. O-O Be7 13. Re1 O-O 14. h3 Bd7 15.
a3 Rad8 16. Qc2 Bd6 17. Ne4 Nxe4 18. Bxe4 h6 19. Rad1 Be6 20. Qc1 Ne5 21. Nxe5
Bxe5 22. Bb1 Rxd1 23. Qxd1 Rd8 24. Qc2 f5 25. Qe2 Re8 26. b3 Bd6 27. Qf3 Qf7 28.
Bf4 Bf8 29. Qc3 b6 30. Bd3 g5 31. Be5 Bd7 32. f4 Bg7 33. Qd2 Bxe5 34. fxe5 Be6
35. h4 f4 36. Be4 Kg7 37. Qd6 gxh4 38. Bc6 Rf8 39. Bd5 Re8 40. Bc6 Rf8 41. Bd5
Re8 42. Rf1 Kh8 43. Bxe6 Qxe6 44. Rxf4 Qxd6 45. exd6 Rd8 46. Rf6 Kg7 47. Re6 a5
48. a4 Kf7 49. Rxh6 Kg7 50. Rxh4 Rxd6 51. Rf4 Kg6 52. Kf2 Rd1 53. Rf3 Rd2+ 54.
Kg3 Rb2 55. Rd3 Kf5 56. Kf3 Rb1 57. g4+ Ke5 58. Re3+ Kf6 59. Ke4 Rd1 60. Rd3 1-0

[Event "Xtracon Chess Open 2017"]
[Site "Helsingor DEN"]
[Date "2017.07.23"]
[Round "3.16"]
[White "Halfhide, Sebastian"]
[Black "Shabalov, Alexander"]
[Result "1/2-1/2"]
[BlackTitle "GM"]
[WhiteElo "2253"]
[BlackElo "2549"]
[WhiteFideId "1045946"]
[BlackFideId "2008572"]
[EventDate "2017.07.22"]

1. e4 c5 2. Nf3 d6 3. d4 cxd4 4. Nxd4 Nf6 5. Nc3 g6 6. Be3 a6 7. f3 b5 8. Qd2
Bb7 9. g4 h6 10. h4 Nbd7 11. h5 g5 12. Nf5 Ne5 13. Be2 e6 14. Ng3 Qc7 15. Rg1
Be7 16. O-O-O Bc6 17. a3 Qb7 18. Qd4 Ned7 19. f4 gxf4 20. Bxf4 e5 21. Qd2 b4 22.
axb4 exf4 23. Nf5 Qxb4 24. Qxf4 Rb8 25. Rd4 Qxb2+ 26. Kd2 Rb4 27. Bc4 Ne5 28.
Rb1 Nxc4+ 29. Rxc4 Qxb1 30. Nxb1 Rxc4 31. Nxd6+ Bxd6 32. Qxf6 O-O 33. Qxd6 Bxe4
34. Qxh6 Rxc2+ 35. Ke3 Re8 36. Kd4 Rc6 37. Qg5+ Kh8 38. Nc3 Bh7 39. Qd5 Rf6 40.
Kc5 Rc8+ 41. Kb4 Rf4+ 1/2-1/2

[Event "Xtracon Chess Open 2017"]
[Site "Helsingor DEN"]
[Date "2017.07.23"]
[Round "3.17"]
[White "Urkedal, Frode"]
[Black "Christensen, Thomas2"]
[Result "1-0"]
[WhiteTitle "GM"]
[WhiteElo "2543"]
[BlackElo "2229"]
[WhiteFideId "1506102"]
[BlackFideId "1407635"]
[EventDate "2017.07.22"]

1. d4 Nf6 2. c4 e6 3. Nc3 d5 4. cxd5 exd5 5. Bg5 Be7 6. e3 O-O 7. Bd3 c6 8. Qc2
h6 9. Bh4 Nbd7 10. Nge2 Re8 11. O-O Nh5 12. Bxe7 Qxe7 13. Rab1 Qh4 14. b4 Ndf6
15. Bf5 Qg5 16. Bxc8 Raxc8 17. b5 Ne4 18. Nxe4 dxe4 19. bxc6 Rxc6 20. Qa4 Kh7
21. Rxb7 Rg6 22. Ng3 Rf8 23. Qxa7 f5 24. Qc5 Rgf6 25. Rc1 Qg4 26. h3 Qg5 27.
Nxh5 Qxh5 28. Qe5 Rg6 29. Rc6 Rg5 30. Rcc7 Rg8 31. Kh2 Qg6 32. g3 f4 33. Qxf4
Rf5 34. Qg4 Rxf2+ 35. Kg1 Qxg4 36. hxg4 Rxa2 37. Rf7 Re2 38. Rb3 Rc8 39. Rf2
Rc1+ 40. Kg2 Ree1 41. Kh3 Rcd1 42. Rh2 Kg6 43. Rb6+ Kg5 44. Re6 Rf1 45. Rxe4 Rf3
46. Kg2 Rdf1 47. Rh5+ Kg6 48. Re6+ Kf7 49. Rf5+ Rxf5 50. gxf5 Rxf5 51. Ra6 h5
52. e4 Rb5 53. Kf3 g5 54. e5 Rb3+ 55. Ke4 Rxg3 56. Kf5 h4 57. e6+ Ke7 58. Ra7+
Kd6 59. Rd7+ Kc6 60. Rd8 Re3 61. d5+ Kc5 62. d6 h3 63. d7 h2 64. Rc8+ Kb5 65.
Rh8 1-0

[Event "Xtracon Chess Open 2017"]
[Site "Helsingor DEN"]
[Date "2017.07.23"]
[Round "3.18"]
[White "Jacobsen, Mikkel Manosri"]
[Black "Hjartarson, Johann"]
[Result "0-1"]
[WhiteTitle "FM"]
[BlackTitle "GM"]
[WhiteElo "2247"]
[BlackElo "2541"]
[WhiteFideId "1444514"]
[BlackFideId "2300044"]
[EventDate "2017.07.22"]

1. d4 Nf6 2. c4 e6 3. Nf3 Bb4+ 4. Nbd2 O-O 5. a3 Be7 6. e4 d6 7. Bd3 Nbd7 8. b4
e5 9. d5 g6 10. Qc2 Nh5 11. g3 c6 12. dxc6 bxc6 13. Bb2 c5 14. O-O Ng7 15. Nb3
Ne6 16. Ne1 Rb8 17. Na5 Qc7 18. Qa4 Nb6 19. Qd1 Bd7 20. Bc2 Nd4 21. Bxd4 exd4
22. Nd3 Rfe8 23. Re1 Bf8 24. Bb3 Rbd8 25. Qd2 a6 26. e5 Bc8 27. f4 dxe5 28. Rxe5
Rxe5 29. Nxe5 Re8 30. Re1 Be6 31. Nd3 Rc8 32. Rc1 h5 33. Ne5 Nd7 34. Nec6 Qb6
35. Ba4 Nf6 36. Re1 Bf5 37. Re7 Bd7 38. Rxf7 Kxf7 39. Ne5+ Kg7 40. Bxd7 Rd8 41.
Bc6 d3 42. b5 axb5 43. cxb5 c4+ 44. Kg2 Qd4 45. Naxc4 Bc5 46. Qa2 Qg1+ 47. Kh3
Ng4 48. Nxg4 Qf1+ 49. Qg2 hxg4+ 50. Kxg4 Qe2+ 0-1

[Event "Xtracon Chess Open 2017"]
[Site "Helsingor DEN"]
[Date "2017.07.23"]
[Round "3.19"]
[White "Schroeder, Jan-Christian"]
[Black "Thogersen, Rasmus"]
[Result "1-0"]
[WhiteTitle "GM"]
[WhiteElo "2539"]
[BlackElo "2222"]
[WhiteFideId "24662259"]
[BlackFideId "1431412"]
[EventDate "2017.07.22"]

1. e4 c5 2. Nf3 d6 3. d4 cxd4 4. Nxd4 Nf6 5. Nc3 a6 6. g3 e5 7. Nb3 Be7 8. Bg2
O-O 9. O-O b5 10. Nd5 Nxd5 11. Qxd5 Ra7 12. Be3 Rb7 13. a4 Qc7 14. Qd2 bxa4 15.
Rxa4 Be6 16. Rb1 Bxb3 17. cxb3 Rxb3 18. Bf1 Qd7 19. Rba1 Bd8 20. Bc4 Rb7 21. Bd5
Rb5 22. Rc4 Bb6 23. Rac1 Qd8 24. b4 Bxe3 25. Qxe3 Nd7 26. Bc6 Rb8 27. Qa3 Rb6
28. Qa5 Nf6 29. Rd1 g6 30. Kg2 Kg7 31. Rxd6 Qxd6 32. Qxb6 Rb8 33. Qxa6 Qd2 34.
b5 Ng4 35. Qa7 Rd8 36. h3 Qe2 37. Rc1 Nf6 38. b6 Nxe4 39. b7 Nxg3 40. b8=Q Rxb8
41. Qxb8 Nh5 42. Bf3 1-0

[Event "Xtracon Chess Open 2017"]
[Site "Helsingor DEN"]
[Date "2017.07.23"]
[Round "3.20"]
[White "Jaksland, Tim"]
[Black "Delorme, Axel"]
[Result "0-1"]
[WhiteTitle "FM"]
[BlackTitle "IM"]
[WhiteElo "2227"]
[BlackElo "2518"]
[WhiteFideId "1401084"]
[BlackFideId "632023"]
[EventDate "2017.07.22"]

1. d4 Nf6 2. Bf4 b6 3. e3 Bb7 4. Nf3 Nh5 5. Bg5 h6 6. Bh4 g5 7. Bg3 d6 8. c3 e6
9. Be2 Nd7 10. a4 a6 11. Nbd2 Bg7 12. O-O Qe7 13. Qb3 Nxg3 14. hxg3 g4 15. Nh2
h5 16. Rfe1 h4 17. gxh4 Qxh4 18. Ndf1 Nf6 19. Bd3 Ne4 20. Bxe4 Bxe4 21. c4 Ke7
22. Rac1 Rh5 23. Qd1 Rah8 24. b4 Qg5 25. f3 gxf3 26. Nxf3 Qg4 27. c5 bxc5 28.
bxc5 d5 29. Ra1 Bf6 30. Ra2 Rh1+ 31. Kf2 Bh4+ 32. Nxh4 Qxh4+ 33. Ng3 Rxe1 34.
Qxe1 Rg8 0-1

[Event "Xtracon Chess Open 2017"]
[Site "Helsingor DEN"]
[Date "2017.07.23"]
[Round "3.21"]
[White "Merkesvik, Sondre"]
[Black "Hillarp Persson, Tiger"]
[Result "0-1"]
[WhiteTitle "FM"]
[BlackTitle "GM"]
[WhiteElo "2211"]
[BlackElo "2509"]
[WhiteFideId "1514350"]
[BlackFideId "1700812"]
[EventDate "2017.07.22"]

1. g3 e5 2. Bg2 Nc6 3. c4 f5 4. e3 Nf6 5. d4 e4 6. a3 d5 7. cxd5 Nxd5 8. f3 exf3
9. Qxf3 Nf6 10. Nc3 Bd6 11. Nge2 O-O 12. O-O Kh8 13. b4 Ne7 14. Bb2 c6 15. Nf4
Bxf4 16. Qxf4 Be6 17. Rad1 Ned5 18. Qe5 Re8 19. Nxd5 Nxd5 20. Bxd5 Bxd5 21. Qxf5
Rxe3 22. Rde1 Qe7 23. Bc3 h6 24. Qc2 Re8 25. Qd2 Qe4 26. Rxe3 Qh1+ 27. Kf2 Rf8+ 0-1

[Event "Xtracon Chess Open 2017"]
[Site "Helsingor DEN"]
[Date "2017.07.23"]
[Round "3.22"]
[White "Kvon, Andrey"]
[Black "Quinones-Maletti, Julio Guillerm"]
[Result "1-0"]
[WhiteTitle "IM"]
[WhiteElo "2500"]
[BlackElo "2200"]
[WhiteFideId "14201356"]
[BlackFideId "1462318"]
[EventDate "2017.07.22"]

1. c4 Nf6 2. Nc3 g6 3. g3 Bg7 4. Bg2 O-O 5. e3 d6 6. Nge2 Nc6 7. d4 Nd7 8. O-O
e5 9. b3 f5 10. Nd5 f4 11. exf4 exd4 12. Bb2 d3 13. Nec3 Nd4 14. Qxd3 Nc5 15.
Qd2 Bh3 16. Nxc7 Qxc7 17. Nd5 Bxg2 18. Kxg2 Ncxb3 19. axb3 Nxb3 20. Qb4 Qc6 21.
Bxg7 Nxa1 22. Bxa1 Rf7 23. Qc3 Rxf4 24. Qg7# 1-0

[Event "Xtracon Chess Open 2017"]
[Site "Helsingor DEN"]
[Date "2017.07.23"]
[Round "3.23"]
[White "Bach, Matthias"]
[Black "Hector, Jonny"]
[Result "0-1"]
[WhiteTitle "FM"]
[BlackTitle "GM"]
[WhiteElo "2200"]
[BlackElo "2497"]
[WhiteFideId "4603168"]
[BlackFideId "1700090"]
[EventDate "2017.07.22"]

1. d4 d5 2. c4 c6 3. Nf3 Nf6 4. Nc3 e6 5. g3 dxc4 6. Ne5 b5 7. Bg2 Qb6 8. O-O
Bb7 9. b3 cxb3 10. Qxb3 Be7 11. Be3 Nd5 12. Ne4 O-O 13. f4 f6 14. Nd3 Na6 15.
Bf2 Rae8 16. Nec5 Bxc5 17. dxc5 Qa5 18. e4 Nc3 19. Be1 b4 20. Bxc3 bxc3 21. Qxb7
Rd8 22. Nf2 Nxc5 23. Qb1 Rd2 24. Qe1 Rfd8 25. e5 f5 26. Rc1 Qa3 27. g4 fxg4 28.
Qe3 Nd3 29. Nxd3 R8xd3 30. Qe4 Qc5+ 31. Kh1 Qd5 32. Rg1 c2 33. Qxd5 cxd5 34. Bf1
Rf3 0-1

[Event "Xtracon Chess Open 2017"]
[Site "Helsingor DEN"]
[Date "2017.07.23"]
[Round "3.24"]
[White "Christiansen, Johan-Sebastian"]
[Black "Schroeder, Christoph"]
[Result "1-0"]
[WhiteTitle "IM"]
[WhiteElo "2471"]
[BlackElo "2196"]
[WhiteFideId "1512668"]
[BlackFideId "4605250"]
[EventDate "2017.07.22"]

1. Nf3 d5 2. c4 e6 3. g3 dxc4 4. Bg2 a6 5. O-O Nf6 6. Qc2 Nbd7 7. Na3 Bxa3 8.
bxa3 O-O 9. Qxc4 b5 10. Qc2 Bb7 11. Bb2 c5 12. Rfe1 Rc8 13. Rad1 c4 14. Qb1 Be4
15. Qa1 Qe7 16. Nh4 Bxg2 17. Nxg2 Rfd8 18. d3 Nb6 19. Bd4 Na4 20. dxc4 bxc4 21.
Rc1 Ne8 22. Ne3 Qxa3 23. Nxc4 Qb4 24. a3 Qb5 25. Ne3 Nc5 26. a4 Qa5 27. Bxc5
Rxc5 28. Rxc5 Qxc5 29. Rc1 Qd4 30. Qa3 Rb8 31. a5 Qe4 32. f3 Qb7 33. Kf2 h6 34.
Rc5 Nf6 35. Qc3 Nd5 36. Nxd5 exd5 37. Qd4 Rd8 38. e4 Qb1 39. Rxd5 Qc2+ 40. Ke3
Rb8 41. Rd8+ Rxd8 42. Qxd8+ Kh7 43. Qd2 Qc5+ 44. Ke2 Qg1 45. Kd3 Qb1+ 46. Kd4
Qb3 47. e5 Qxf3 48. Qd3+ Qxd3+ 49. Kxd3 Kg6 50. Ke4 Kg5 51. h3 h5 52. Kd5 h4 53.
g4 Kf4 54. Kd6 g5 55. Ke7 Kxe5 56. Kxf7 Kf4 57. Kf6 Kg3 58. Kxg5 Kxh3 59. Kf4
Kg2 60. g5 h3 61. g6 h2 62. g7 h1=Q 63. g8=Q+ Kf2 64. Qa2+ Kf1 65. Qb1+ Kg2 66.
Qc2+ Kh3 67. Qd3+ Kg2 68. Qe2+ Kg1 69. Kg3 1-0

[Event "Xtracon Chess Open 2017"]
[Site "Helsingor DEN"]
[Date "2017.07.23"]
[Round "3.25"]
[White "Leutwyler, Martin"]
[Black "Tan, Justin2"]
[Result "1/2-1/2"]
[BlackTitle "IM"]
[WhiteElo "2198"]
[BlackElo "2462"]
[WhiteFideId "1301969"]
[BlackFideId "3206882"]
[EventDate "2017.07.22"]

1. d4 Nf6 2. c4 e6 3. g3 Bb4+ 4. Bd2 Be7 5. Bg2 d5 6. Nf3 O-O 7. O-O c6 8. Qc2
Nbd7 9. Bf4 b6 10. Rd1 Ba6 11. Ne5 Rc8 12. cxd5 Nxd5 13. Nxc6 Nb4 14. Qa4 Nxc6
15. Bxc6 Bxe2 16. Rc1 Nf6 17. Nc3 Bd3 18. Rd1 Bc2 19. Qxc2 Rxc6 20. Qb3 Qa8 21.
d5 Nxd5 22. Nxd5 exd5 23. Rxd5 Bc5 24. Rad1 Re6 25. Qd3 h6 26. Rd8 Re1+ 27. Rxe1
Rxd8 28. Qe4 Qc8 29. Qf3 Qd7 30. Be3 Qe6 31. b3 Rd5 32. Bd2 Qd7 33. Be3 Bf8 34.
Rc1 g6 35. Rc7 Rd1+ 36. Kg2 Qxc7 37. Qxd1 Qc6+ 38. Qf3 Qc8 39. Bd4 Bg7 40. Bxg7
Kxg7 41. Qd5 Qc7 42. Qd4+ 1/2-1/2

[Event "Xtracon Chess Open 2017"]
[Site "Helsingor DEN"]
[Date "2017.07.23"]
[Round "3.26"]
[White "Andersen, Morten"]
[Black "Sonis, Francesco"]
[Result "0-1"]
[BlackTitle "IM"]
[WhiteElo "2193"]
[BlackElo "2440"]
[WhiteFideId "1504908"]
[BlackFideId "895733"]
[EventDate "2017.07.22"]

1. e4 c5 2. Nf3 d6 3. d4 cxd4 4. Nxd4 Nf6 5. Nc3 a6 6. Bg5 e6 7. f4 h6 8. Bh4
Be7 9. Qf3 Nbd7 10. O-O-O Qc7 11. f5 e5 12. Nb3 b5 13. Bxf6 Nxf6 14. Nd5 Nxd5
15. exd5 Bb7 16. Bd3 O-O-O 17. Kb1 Kb8 18. Be4 Qb6 19. h4 Rc8 20. g4 a5 21. Qg2
a4 22. Nc1 Rc4 23. Rh3 Rhc8 24. Ne2 b4 25. Bd3 R4c5 26. Be4 Qb5 27. a3 bxa3 28.
Rxa3 Bxh4 29. Qf3 Qb4 30. Nc3 Rxc3 31. Rxc3 Rxc3 32. Qxc3 Qxe4 0-1

[Event "Xtracon Chess Open 2017"]
[Site "Helsingor DEN"]
[Date "2017.07.23"]
[Round "3.27"]
[White "Percivaldi, Martin"]
[Black "Olsen, Filip Boe"]
[Result "1/2-1/2"]
[WhiteTitle "IM"]
[BlackTitle "FM"]
[WhiteElo "2433"]
[BlackElo "2189"]
[WhiteFideId "1508148"]
[BlackFideId "1440640"]
[EventDate "2017.07.22"]

1. d4 d5 2. c4 e6 3. Nf3 Nf6 4. g3 Be7 5. Bg2 O-O 6. O-O dxc4 7. Qc2 a6 8. a4
Bd7 9. Qxc4 Bc6 10. Bf4 a5 11. Nc3 Na6 12. Rfe1 Bd5 13. Nxd5 exd5 14. Qb3 Nb4
15. Rac1 Bd6 16. Ne5 c6 17. Bd2 Re8 18. e4 Bxe5 19. dxe5 Rxe5 20. Bxb4 axb4 21.
Qxb4 Qe7 22. Qxe7 Rxe7 23. exd5 Rxe1+ 24. Rxe1 Nxd5 25. Bxd5 cxd5 26. Re5 Kf8
27. Rxd5 Rxa4 28. Rb5 Ra7 29. Kg2 Ke7 30. Kf3 Kd6 31. Rb4 Kc5 32. Rg4 g6 33. Rf4
b6 34. g4 h6 35. h4 Rd7 36. h5 gxh5 37. gxh5 Rd5 38. Rxf7 Rxh5 39. Ke4 Rh2 40.
Kd3 h5 41. Kc3 h4 42. Rf5+ Kc6 43. Kc4 Rg2 44. Rf6+ Kc7 45. b4 h3 46. f3 Rg3 47.
Rf5 h2 48. Rh5 Rxf3 49. Rxh2 Rf5 50. Rh6 Rg5 51. Rf6 1/2-1/2

[Event "Xtracon Chess Open 2017"]
[Site "Helsingor DEN"]
[Date "2017.07.23"]
[Round "3.28"]
[White "Moe, Mogens"]
[Black "Ikeda, Junta"]
[Result "0-1"]
[WhiteTitle "FM"]
[BlackTitle "IM"]
[WhiteElo "2188"]
[BlackElo "2427"]
[WhiteFideId "1400550"]
[BlackFideId "3204731"]
[EventDate "2017.07.22"]

1. e4 c5 2. Nf3 e6 3. d4 cxd4 4. Nxd4 a6 5. Nc3 Qc7 6. Be3 Nf6 7. Qd2 b5 8. f3
Bb7 9. O-O-O Nc6 10. g4 Nxd4 11. Bxd4 d6 12. h4 Bc6 13. Bd3 Nd7 14. g5 Nc5 15.
Kb1 Nxd3 16. cxd3 b4 17. Ne2 e5 18. Bf2 b3 19. axb3 Qb7 20. Rc1 Bd7 21. Rc3 Be7
22. d4 O-O 23. Bg3 d5 24. Qe3 Bb4 25. Rc2 a5 26. Bxe5 a4 27. Rc7 Qb5 28. Nc1 Be6
29. Rh2 axb3 30. Nxb3 Qa4 31. Nc5 Qd1+ 32. Qc1 Ra1+ 33. Kxa1 Qxc1+ 34. Ka2 Ra8+ 0-1

[Event "Xtracon Chess Open 2017"]
[Site "Helsingor DEN"]
[Date "2017.07.23"]
[Round "3.29"]
[White "Jepson, Christian"]
[Black "Petersen, Peter Birk"]
[Result "1-0"]
[WhiteTitle "IM"]
[WhiteElo "2421"]
[BlackElo "2179"]
[WhiteFideId "1701185"]
[BlackFideId "1401696"]
[EventDate "2017.07.22"]

1. Nf3 g6 2. c4 Bg7 3. d4 d6 4. Nc3 e5 5. g3 Nc6 6. dxe5 Nxe5 7. Nxe5 Bxe5 8.
Bg2 Ne7 9. O-O O-O 10. Bh6 Re8 11. Bg5 f6 12. Bd2 Nc6 13. e3 f5 14. Rb1 Bg7 15.
b3 Ne5 16. Qc2 c6 17. Rbd1 Qe7 18. Bc1 Be6 19. Ba3 Rad8 20. Ne2 Ng4 21. Qd2 Bf8
22. Qd4 a6 23. Bb2 Bg7 24. Qxg7+ Qxg7 25. Bxg7 Kxg7 26. Rd2 Kf7 27. Rfd1 Ke7 28.
Nd4 Ne5 29. f4 Nf7 30. e4 Kf6 31. exf5 Bxf5 32. Nxf5 Kxf5 33. Bf3 Re3 34. Kf2
Rde8 35. Re2 Rxe2+ 36. Bxe2 Kf6 37. Bf3 a5 38. Rd4 Ke7 39. Re4+ Kd8 40. Rxe8+
Kxe8 41. Be4 Ke7 42. g4 Nd8 43. Ke3 Kf6 44. h4 h6 45. g5+ hxg5 46. hxg5+ Kg7 47.
f5 gxf5 48. Bxf5 Nf7 49. Kf4 b6 50. Be4 Ne5 51. Kf5 Kf7 52. Bg2 Ng6 53. Be4 Ne7+
54. Kf4 Ke6 55. a3 d5 56. cxd5+ cxd5 57. Bd3 Nc6 58. Bf5+ Kf7 59. Ke3 Ke7 60.
Bg4 d4+ 61. Ke4 d3 62. Kd5 Nd8 63. Bd1 Ne6 64. g6 Nf4+ 65. Kc6 Kf6 66. Kxb6 Nd5+
67. Kxa5 Nc3 68. Bh5 d2 69. Kb4 Nd5+ 70. Kc5 Nf4 71. Bd1 Nxg6 72. Kd4 Nf4 73. a4
Ke6 74. b4 Kd6 75. b5 Ne6+ 76. Kc4 Nf4 77. a5 Nd5 78. Kd4 Nc7 79. Kc4 Nd5 80.
Kd4 Nc7 81. b6 Ne6+ 82. Kc4 Ng5 83. a6 Kc6 84. a7 1-0

[Event "Xtracon Chess Open 2017"]
[Site "Helsingor DEN"]
[Date "2017.07.23"]
[Round "3.30"]
[White "Palozza, Christian"]
[Black "Zude, Erik"]
[Result "1/2-1/2"]
[BlackTitle "IM"]
[WhiteElo "2178"]
[BlackElo "2421"]
[WhiteFideId "895580"]
[BlackFideId "4604644"]
[EventDate "2017.07.22"]

1. d4 Nf6 2. c4 g6 3. Nc3 Bg7 4. g3 d5 5. Bg2 dxc4 6. Qa4+ Nbd7 7. Nf3 O-O 8.
Qxc4 Nb6 9. Qd3 Nbd5 10. O-O Bf5 11. e4 Nxc3 12. exf5 Ncd5 13. fxg6 hxg6 14. Ne5
c6 15. b3 Qc7 16. Bb2 Rad8 17. Qe2 a5 18. a3 Qb6 19. Qc4 e6 20. Rfe1 Rfe8 21.
Rad1 Nd7 22. Nd3 Qa7 23. h4 Nf8 24. Ne5 Nd7 25. Nd3 Nc7 26. a4 Nd5 27. Bf3 N5f6
28. Nc5 Nb6 29. Qe2 Nbd7 30. Qc4 Qb8 31. Bc3 Nb6 32. Qe2 Qa7 33. Bb2 Nbd5 34.
Qc4 Qb8 35. Re2 Qc7 36. Kg2 Rb8 37. Qc1 Qd8 38. Rh1 Ne7 39. Qd2 Qd6 40. Ne4 Nxe4
41. Bxe4 b5 42. h5 gxh5 43. Rxh5 bxa4 44. bxa4 f5 45. Bf3 Rb3 46. Qxa5 Bxd4 47.
Bxd4 Qxd4 48. Rg5+ Kf7 49. Bh5+ Kf6 50. Bxe8 Kxg5 51. Rxe6 Rb2 52. Qe1 Rxf2+ 53.
Qxf2 Qd5+ 54. Kf1 Qxe6 55. Qf4+ Kf6 56. Qh6+ 1/2-1/2

[Event "Xtracon Chess Open 2017"]
[Site "Helsingor DEN"]
[Date "2017.07.23"]
[Round "3.31"]
[White "Lindgren, Philip"]
[Black "Hartung-Nielsen, Jens"]
[Result "1/2-1/2"]
[WhiteTitle "IM"]
[WhiteElo "2420"]
[BlackElo "2175"]
[WhiteFideId "1713230"]
[BlackFideId "1400690"]
[EventDate "2017.07.22"]

1. d4 d5 2. c4 e6 3. Nf3 Nf6 4. g3 Bb4+ 5. Bd2 Bd6 6. Nc3 c6 7. Qc2 Nbd7 8. e4
dxe4 9. Nxe4 Nxe4 10. Qxe4 Nf6 11. Qe2 O-O 12. Bg2 Qe7 13. O-O c5 14. dxc5 Bxc5
15. Ne5 a5 16. Rad1 Rd8 17. Bg5 Ra6 18. Bxf6 Qxf6 19. Rxd8+ Qxd8 20. Nxf7 Qf6
21. Qh5 Bd4 22. Ng5 h6 23. Ne4 Qf7 24. Qe2 e5 25. b3 Be6 26. Nd2 a4 27. Nf3 Bg4
28. h3 Bxf3 29. Bxf3 Qd7 30. Kg2 axb3 31. axb3 Ra3 32. Bd5+ Kh7 33. Be4+ g6 34.
Qf3 b6 35. Qf6 Qg7 36. Bxg6+ Kg8 37. Qd8+ Qf8 38. Bh7+ Kg7 39. Qd7+ Qf7 40.
Qxf7+ Kxf7 41. b4 Ra4 42. f4 Rxb4 43. fxe5+ Ke7 44. Bg8 Rb2+ 45. Kf3 Bxe5 46. g4
Bf6 47. Ke4 Re2+ 48. Kd5 Re3 49. Kc6 Bd4 50. Rf7+ Ke8 51. Rd7 Bc5 52. h4 Re7 53.
Rd2 Kf8 54. Bd5 Kg7 55. Ra2 Kf8 56. Kb5 Bd4 57. g5 hxg5 58. hxg5 Kg7 59. Rg2 Kg6
60. Rg4 Be3 61. Rg3 Bc5 62. Rg4 Kf5 63. Rg2 Kg6 64. Rg4 Kf5 65. Rg3 Kg6 66. Rg4
Kf5 67. Rg2 Kg6 1/2-1/2

[Event "Xtracon Chess Open 2017"]
[Site "Helsingor DEN"]
[Date "2017.07.23"]
[Round "3.32"]
[White "Vestby-Ellingsen, Mads"]
[Black "Haria, Ravi"]
[Result "1-0"]
[BlackTitle "FM"]
[WhiteElo "2175"]
[BlackElo "2417"]
[WhiteFideId "1520857"]
[BlackFideId "415820"]
[EventDate "2017.07.22"]

1. d4 e6 2. c4 Bb4+ 3. Nd2 b6 4. Nf3 Bb7 5. a3 Bxd2+ 6. Qxd2 f5 7. e3 Nf6 8. b4
O-O 9. Be2 Qe8 10. O-O d6 11. Bb2 Nbd7 12. Qc2 Ne4 13. c5 bxc5 14. dxc5 dxc5 15.
bxc5 Bd5 16. c6 Ndf6 17. Ne5 Rb8 18. Bd4 a5 19. Rab1 Nd6 20. f3 Ra8 21. Qa4 Nf7
22. Rfc1 Nxe5 23. Bxe5 Qe7 24. Rb7 Ne8 25. Rb5 Qg5 26. Rc3 Nd6 27. Rxa5 Rab8 28.
Rxd5 exd5 29. Bxd6 cxd6 30. c7 Rbc8 31. Qd4 Qe7 32. Qxd5+ Kh8 33. Qb7 Qe5 34.
Qc6 d5 35. Ba6 d4 36. Qc5 Qf6 37. Bxc8 dxc3 38. Bd7 c2 39. Qxc2 Qh4 40. g3 1-0

[Event "Xtracon Chess Open 2017"]
[Site "Helsingor DEN"]
[Date "2017.07.23"]
[Round "3.33"]
[White "Das, Arghyadip"]
[Black "Thuesen, Mogens"]
[Result "1-0"]
[WhiteTitle "IM"]
[WhiteElo "2416"]
[BlackElo "2170"]
[WhiteFideId "5003610"]
[BlackFideId "1400878"]
[EventDate "2017.07.22"]

1. e4 e6 2. f4 d5 3. e5 c5 4. Nf3 b6 5. c3 Qd7 6. d4 Nh6 7. Bd3 Ba6 8. Bc2 Nc6
9. a3 Be7 10. b4 O-O 11. Ba4 Bc4 12. Nbd2 Bd3 13. dxc5 Qc7 14. Nb3 bxc5 15. Bxc6
Qxc6 16. Qxd3 c4 17. Nbd4 1-0